000 02287nam a2200421 c 4500
003 BLK
005 20250328175444.0
008 180408b bul|||||r ||||||| ||bul||
010 _aKNG00035920000
020 _a954-8510-94-5
_bиздат.: Веда Словена-ЖГ - на том(ч. 1)(грешен)
020 _a954-8510-54-5
_bиздат.: Веда Словена-ЖГ - на том(ч. 1)(попр.)
040 _aBLK
041 _aBUL
_cBUL
080 _aПсихология на детската възраст. Интелектуално развитие на децата. Психически особености. Детски представи, описани в разкази
_b159.922.7
_x.07
_z159.922.7.07
080 _aПедагогическа психология
_b37.015.3
_x
_z37.015.3
100 1 _aАлександрова, Наталия
_eпърви автор
_9272844
700 1 _aМинчев, Борис
_eред.
_9366935
139 _aРъководство за изследване на детето
_bР 97
245 1 0 _aРъководство за изследване на детето
_bЧ. 1 -
_cНаталия Александрова; ред. Борис Минчев.
_nЧ. 1
257 _aBGR
260 София
_c2000 -
_fСофия : Скала
300 _c26 см
380 _a1
500 _aДруги авт. : В. Банова, Ив. Башовски, В. Ванева и др. - Офс. изд. - Съдържа и За авторите на ръководството.
650 4 _aДетска и педагогическа психология
_9244538
650 4 _aПсихотехника
_9168425
653 _aдетска психология
653 _aизследвания
653 _aпсихотехника
653 _aпедагогическа психология
760 1 _3- на том(ч. 1)(грешен)
_aАлександрова, Наталия
_dВеда Словена-ЖГ, 2000
_h403 с. : с табл., ил., сх.
_nБиблиогр. след отд. теми.
_tЧ. 1
852 _aЦб 208033
856 4 _qpdf
_u
856 4 _qpdf
_u
942 _cKNG
_n0
_021
944 _aCR
_c21.05.2003
_k30563
_lИвелин Русев
944 _aED
_c30.10.2007
_k
999 _c33232
_d33232